000 00828nam a2200265 i 4500
003 DO-SdBNP
005 20240923131125.0
007 ta
008 240923s1986 xxu 000 0 spa d
020 _a0829708545
040 _aDO-SdBNP
_bspa
_cBNPHU
_erda
082 _bP437
_222
100 1 _4aut
_aPeretti, Frank E.
_eautor
_986640
240 1 _aThis present darkness /
245 1 0 _aEsta patente oscuridad /
_cFrank E. Peretti ; traducción Miguel A. Mesías E.
264 1 _aMiami, Florida :
_bEditorial Vida,
_c1986.
300 _a440 páginas,
_c22 cm.
336 _2rdacontent
_atexto
_btxt
337 _2rdamedia
_asin mediación
_bn
338 _2rdacarrier
_avolumen
_bnc
590 _aInventariado, 2024/ YL
700 1 _aMesías E., Miguel A.
_etraducción
_986644
910 _aYLockward
942 _2ddc
_cLBS1
999 _c57738
_d57738